New Light on Indian Religion / (Record no. 25323)

MARC details
000 -LEADER
fixed length control field 00567nam a22001697a 4500
003 - CONTROL NUMBER IDENTIFIER
control field BDDh-ASL
005 - DATE AND TIME OF LATEST TRANSACTION
control field 20231015030457.0
008 - FIXED-LENGTH DATA ELEMENTS--GENERAL INFORMATION
fixed length control field 210629s1998 bg ||||| |||| 00| 0 eng d
040 ## - CATALOGING SOURCE
Original cataloging agency BDDh-ASL
Transcribing agency BDDh-ASL
082 ## - DEWEY DECIMAL CLASSIFICATION NUMBER
Classification number 294
Item number CHN
100 1# - MAIN ENTRY--PERSONAL NAME
9 (RLIN) 4163
Personal name Choudhury, Ahmad Taufiq
245 10 - TITLE STATEMENT
Title New Light on Indian Religion /
260 ## - PUBLICATION, DISTRIBUTION, ETC.
Place of publication, distribution, etc. Mymensingh:
Name of publisher, distributor, etc. Ritupatra Prokashani,
Date of publication, distribution, etc. 1998.
300 ## - PHYSICAL DESCRIPTION
Extent 111 p. :
Dimensions 20 cm.
650 #0 - SUBJECT ADDED ENTRY--TOPICAL TERM
Topical term or geographic name entry element Religion, ধর্ম, Dharma, faith, creed, law, worship, property, আস্তিকতা, দীন
Geographic subdivision India
9 (RLIN) 2606
942 ## - ADDED ENTRY ELEMENTS (KOHA)
Source of classification or shelving scheme Dewey Decimal Classification
Koha item type Books
Holdings
Withdrawn status Lost status Source of classification or shelving scheme Damaged status Not for loan Collection code Home library Current library Shelving location Date acquired Source of acquisition Total Checkouts Full call number Barcode Date last seen Copy number Price effective from Koha item type
    Dewey Decimal Classification     Non-fiction Asiatic Society Library Asiatic Society Library General Stacks 06/29/2021 Complimentary   294 CHN 110067 06/29/2021 C-1 06/29/2021 Books

Powered by Koha